Biggest Economies in Oceania - Statistics

General Stats
  • This quiz has been taken 30 times
  • The average score is 6 of 6
Answer Stats
GDP Country % Correct
1.95 T Australia
100%
6.7 B Fiji
100%
280.55 B New Zealand
100%
33.46 B Papua New Guinea
96%
1.33 B Samoa
93%
2.05 B Solomon Islands
78%
No matching quizzes found
Score Distribution
Percent of People with Each Score
Percentile by Number Answered
Your Score History
You have not taken this quiz